LIBRARY & INFORMATION CENTRE, KCAET, TAVANUR

ONLINE PUBLIC ACCESS CATALOGUE (OPAC)

Himalaya Samarajyathil / (Record no. 525)

MARC details
000 -LEADER
fixed length control field 00295cam a2200109ua 4500
082 ## - DEWEY DECIMAL CLASSIFICATION NUMBER
Classification number 894.812 803 55
Item number POT/HI
100 ## - MAIN ENTRY--AUTHOR NAME
Personal name Pottekkat, S K .
245 ## - TITLE STATEMENT
Title Himalaya Samarajyathil /
260 ## - PUBLICATION, DISTRIBUTION, ETC. (IMPRINT)
Place of publication Kottayam :
Name of publisher Sahitya Pravarthaka Co-operative Society ,
Year of publication 1970.
300 ## - PHYSICAL DESCRIPTION
Number of Pages 198 ; .
942 ## - ADDED ENTRY ELEMENTS (KOHA)
Koha item type Books
Holdings
Withdrawn status Lost status Damaged status Home library Current library Date acquired Full call number Accession Number Koha item type
      KAUAET KAUAET 07/04/2012 894.812 803 55 12930 Books
      KAUAET KAUAET 07/04/2012 894.812 803 55 13242 Books
free website counter